• 首页
  • 本馆介绍
  • 公告通知
  • 最新文献
  • 馆藏检索
  • 电子资源
  • 读者导购
  • 参考咨询
  • 我的图书馆
  • 登录
  • 详细信息显示
  • 放入我的书架
  • 预约/预借图书
  • 作者相关作品
  • 分类相关作品
  • 丛书相关作品
  • 出版社相关作品

书目信息

  • 表格格式
  • 工作单格式
  • 卡片格式
题名:
风铃中的力量
    
 
作者: 古龙 著
分册:  
出版信息: 珠海   珠海出版社  1995.03
页数: 298页
开本: 20cm
丛书名:
单 册:
中图分类: G4
科图分类:
主题词: 教育
电子资源:
ISBN: 7-80607-053-2
000 00533nam0 2200193 450
001 2656065694
005 20260413153648.58
010    @a7-80607-053-2@dCNY14.80
100    @a20260413d1995 km y0chiy0120 ea
101 0  @achi
102    @aCN
200 1  @a风铃中的力量@AFeng Ling Zhong De Li Liang@f古龙著@FGu Long Zhu
210    @a珠海@c珠海出版社@d1995.03
215    @a298页@d20cm
606 0  @a教育
690    @aG4@v4
701  0 @a古龙@AGu Long@4著
801  0 @aCN@b大连网信软件有限公司图书馆·11@c20260413
905    @aZUCC@dG4@eZW987:34
    
    风铃中的力量/古龙著.-珠海:珠海出版社,1995.03
    298页;20cm
    
    
    ISBN 7-80607-053-2:CNY14.80
    
●
相关链接 在E读中查询图书 在五车中查询图书 在当当中查询图书 在豆瓣中查询图书


正题名:风铃中的力量     索取号:G4/ZW987:34         预约/预借

序号 登录号 条形码 馆藏地/架位号 状态 备注
1 7512474   275124740   密集书库-文学院/ [索取号:G4/ZW987:34] 在馆    
唐山师范学院图书馆 欢迎您!
大连网信软件有限公司© 版权所有